000 00625nam a2200241Ia 4500
005 20250508161040.0
008 008 250505s9999 xx 000 0 eng d
020 _a0-471-05136-5
037 _aTextual
040 _aFEDL
_beng
_cFEDL
041 _aeng
_2eng
084 _a001.6, ASH
_qFEDL
100 _aAshley Ruth
_9770107
245 0 _aANS Cobol
250 _a2
260 _aNew York, USA
_bJohn Wiley and Sons
_c1979
300 _aix,265p.
365 _aUSD
_b595
650 _aComputer Science
700 _a Stern Nancy B
_9770108
942 _cTEXL
_h001.6, ASH
999 _c1368126
_d1368126